Citez un des personnages figurant sur ces couvertures de One Piece (4) - Statistiques

Statistiques générales
  • Ce quiz a été pris 146 fois
  • Le résultat moyen est 19 sur 20
Statistiques - réponses
Par images Réponse % Correct
Roronoa Zoro | Nami | Usopp | Sanji | Tony-Tony Chopper | Nico Robin | Franky | Brook
100%
Roronoa Zoro | Megalo | Shirahoshi | Fisher Tiger | Otohime
99%
Roronoa Zoro | Nami | Usopp | Sanji | Tony-Tony Chopper | Nico Robin | Franky | Brook | Jinbe
99%
Sanji | Tony-Tony Chopper | Surimi | Neptune | Megalo | Keimi | Pappag | Ishilly | Hiramera | Mero
99%
Kyros | Elizabello II | Bartolomeo | Sai | Cavendish | Bellamy | Boo | Rebecca | Jesus Burgess | Chinjao | Dagama | Suleiman | Roronoa Zoro | Sanji | Franky | Kinémon
98%
Nami | Sanji | Tony-Tony Chopper | Franky | Smoker | Tashigi | Kinémon | Monet | César Clown
98%
Roronoa Zoro | Trafalgar D. Water Law | Issho | Pica | Kyros | Sabo | Koala
98%
Sanji | Nami | Tony-Tony Chopper | Brook | Trafalgar D. Water Law | Don Quijote Doflamingo | Riku Dold III | César Clown | Momonosuké Kozuki
98%
Trafalgar D. Water Law | Don Quijote Doflamingo | Buffalo | Baby 5 | Basil Hawkins | Eustass Kidd | Scratchmen Apoo | Usopp | Franky | Nami
98%
Trafalgar D. Water Law | Roronoa Zoro | Nico Robin | Usopp | Rebecca | Kyros | Cavendish | Sabo | Bartolomeo | Franky | Kanjuro | Léo
98%
Trafalgar D. Water Law | Roronoa Zoro | Smoker | Tashigi | Momonosuké Kozuki | Tony-Tony Chopper | Mocha
98%
Trafalgar D. Water Law | Roronoa Zoro | Franky | Nico Robin | Usopp | Hajrudin | Orlumbus | Cavendish | Bartolomeo | Sai | Ideo | Elizabello II | Rampo | Wicca | Chao | Kabu | Manshelly | Léo | Inhel | Bomba | Bian
97%
Trafalgar D. Water Law | Smoker | César Clown
97%
Don Quijote Doflamingo | Diamante | Pica | Trébol | Buffalo | Jora | Dellinger | Lao G, Señor Pink | Gladius | Sugar | Machvise | Baby 5
96%
Shirahoshi | Jinbe | Tashigi | Smoker | Pekoms | Delœuf
96%
Chinjao | Rebecca | Kyros | Usopp | Kabu | Léo | Wicca | Flapper | Bomba | Montblanc Norland
95%
Don Quijote Doflamingo | Sakazuki | Issho | Gatz | Kyros | Kabu | Manshell
95%
Viola | Kyros | Usopp | Franky | Sugar | Trébol | Señor Pink | Pica
95%
Rebecca | Issho | Tsuru | Sengoku | Bakkin | Edward Weeble | Baggy | Sai | Hajrudin | Ideo | Orlumbus
94%
Hody Jones | Fukaboshi | Vander Decken IX | Wadatsumi | Dosun | Zeo | Daruma | Ikaros Much | Hyouzou
80%
Aucun quiz correspondant
Distribution des résultats
% des personnes avec chaque résultat
Percentile par nombre de réponses
Votre historique - résultats
Vous n’avez pas pris ce quiz